| 000 -ლიდერი |
| ფიქსირებული სიგრძის საკონტროლო ველი |
01195nam a2200241Ia 4500 |
| 001 - საკონტროლო ნომერი |
| საკონტროლო ველი |
23154 |
| 003 - საკონტროლო ნომრის იდენტიფიკატორი |
| საკონტროლო ველი |
GE_BSU |
| 005 - ბოლო ოპერაციის თარიღი და დრო |
| საკონტროლო ველი |
20230713175530.0 |
| 008 - ფიქსირებული სიგრძის მონაცემთა ელემენტები - ზოგადი ინფორმაცია |
| ფიქსირებული სიგრძის საკონტროლო ველი |
181216s1984||||ge |||||||||||||| ||geo|| |
| 040 ## - კატალოგიზაციის წყარო |
| Transcribing agency |
GE_BSU |
| 041 ## - ენის კოდი |
| Language code of text/sound track or separate title |
geo |
| 080 ## - უნივერსალური ათობითი კლასიფიკაციის ინდექსი |
| Universal Decimal Classification number |
821.112.2-4 ბ-22 |
| 100 ## - მთავარი ჩანაწერი - პიროვნების სახელი |
| Personal name |
ჰაინე, ჰაინრიხ |
| 9 (RLIN) |
16060 |
| 245 ## - ცნობა სათაურის შესახებ |
| Title |
მოგზაურობის სურათები : |
| Remainder of title |
იტალია / |
| Statement of responsibility, etc |
ჰაინრიხ ჰაინე ; გერმ. თარგმნეს და კომენტარები დაურთეს გ. და კ. ჯორჯანელებმა ; რედ. თ. მგელაძე. |
| 264 ## - წარმოების, გამოცემის, დისტრიბუციის და სხვა ცნობები |
| გამოცემის, წარმოების, დისტრიბუციის... ადგილი |
თბილისი : |
| გამოცემის, წარმოების, დისტრიბუციის... სახელწოდება |
საბჭ. საქართველო, |
| გამოცემის, წარმოების, დისტრიბუციის... თარიღი |
1984. |
| 300 ## - ფიზიკური აღწერა |
| Extent |
277გვ. ; |
| Dimensions |
21სმ.. |
| 653 ## - INDEX TERM--UNCONTROLLED |
| Uncontrolled term |
მოგზაურობის სურათები : იტალია |
| 700 ## - ADDED ENTRY--PERSONAL NAME |
| Personal name |
ჯორჯანელი, გ. |
| Relator term |
მთარგმნელი |
| 9 (RLIN) |
19091 |
| 700 ## - ADDED ENTRY--PERSONAL NAME |
| Personal name |
ჯორჯანელი, კ. |
| Relator term |
მთარგმნელი |
| 9 (RLIN) |
16001 |
| 700 ## - ADDED ENTRY--PERSONAL NAME |
| Personal name |
მგელაძე, თ. |
| Relator term |
რედაქტორი |
| 9 (RLIN) |
3881 |
| 942 ## - ADDED ENTRY ELEMENTS (KOHA) |
| Koha item type |
წიგნი |
| Source of classification or shelving scheme |
|